Mladí nepozerajú večerné správy
Rozhovor s najznámejším slovenským youtuberom, autorom najsledovanejšieho domáceho YouTube kanála GoGoManTV.
Saved in:
| Main Author: | |
|---|---|
| Other Authors: | |
| Format: | Book Chapter |
| Language: | Slovak |
| Subjects: | |
| Tags: |
No Tags, Be the first to tag this record!
|
MARC
| LEADER | 00000naa a2200000 4500 | ||
|---|---|---|---|
| 001 | 0234212 | ||
| 005 | 20170704125111.7 | ||
| 041 | 0 | |a slo | |
| 044 | |a SK | ||
| 245 | 1 | 0 | |a Mladí nepozerajú večerné správy |c Martin Poláš, Daniel Sebastián Štrauch |
| 520 | |a Rozhovor s najznámejším slovenským youtuberom, autorom najsledovanejšieho domáceho YouTube kanála GoGoManTV. | ||
| 610 | 2 | 0 | |a komunikácia elektronická |
| 610 | 2 | 0 | |a siete sociálne |
| 610 | 2 | 0 | |a médiá |
| 610 | 2 | 0 | |a mládež |
| 100 | 1 | |a Poláš, Martin | |
| 700 | 1 | |a Štrauch, Daniel Sebastián | |